|
|
|
|
| LEADER |
00971cam a2200265 7i4500 |
| 001 |
0000060078 |
| 005 |
20210628090000.0 |
| 020 |
|
|
|a 9780134848716 (electronic book)
|
| 090 |
0 |
0 |
|a T353
|b .M78 2018
|
| 245 |
0 |
0 |
|a Modern graphics communication
|c Frederick E. Giesecke [and eight others].
|
| 250 |
|
|
|a Fifth edition.
|
| 264 |
|
|
|a Boston:
|b Prentice Hall,
|c 2018.
|
| 300 |
|
|
|a 1 online resource:
|b illustrations, text file, PDF.
|
| 336 |
|
|
|a text
|2 rdacontent
|
| 337 |
|
|
|a computer
|2 rdamedia
|
| 338 |
|
|
|a online resource
|2 rdacarrier
|
| 650 |
|
0 |
|a Engineering graphics
|
| 650 |
|
0 |
|a Computer-aided design
|
| 655 |
|
0 |
|a Electronic books
|
| 700 |
1 |
|
|a Giesecke, Frederick E.
|
| 856 |
4 |
2 |
|u http://library.unisel.edu.my/web/guest/mylibrary
|
| 997 |
|
|
|a Communication, Visual Art & Computing, Faculty
|b Visual Art, Department
|
| 998 |
|
|
|a Digital Graphic Design, Degree
|
| 998 |
|
|
|a Digital Graphic Design, Diploma
|
| 999 |
|
|
|a EBO0005424
|b EBOOK
|c EBOOK
|e Electronic resources
|